BIBLIOTECA PODER JUDICIAL
Portal Judicial TDF

Análisis de los tipos penales de exacciones ilegales, concusión y extorsión en la conducta del funcionario público. Reflexiones a partir del fallo "Tapia Núñez" / (Registro nro. 5499)

000 -LEADER
fixed length control field 01539nab a22002537a 4500
003 - CONTROL NUMBER IDENTIFIER
control field OSt
005 - DATE AND TIME OF LATEST TRANSACTION
control field 20251209142324.0
008 - FIXED-LENGTH DATA ELEMENTS--GENERAL INFORMATION
fixed length control field 190502c xxu||||| |||| 00| 0 spa d
040 ## - CATALOGING SOURCE
Transcribing agency PJ
100 ## - MAIN ENTRY--PERSONAL NAME
9 (RLIN) 6492
Personal name Barbieri, Pía
245 10 - TITLE STATEMENT
Title Análisis de los tipos penales de exacciones ilegales, concusión y extorsión en la conducta del funcionario público. Reflexiones a partir del fallo "Tapia Núñez" /
Statement of responsibility, etc Pía Barbieri.
260 ## - PUBLICATION, DISTRIBUTION, ETC. (IMPRINT)
Place of publication, distribution, etc Ciudad Autónoma de Buenos Aires :
Name of publisher, distributor, etc Thomson Reuters La Ley,
Date of publication, distribution, etc 2025.
300 ## - PHYSICAL DESCRIPTION
Extent p. 43-52
500 ## - GENERAL NOTE
General note Cita Online: AR/DOC/1531/2025.
505 ## - FORMATTED CONTENTS NOTE
Formatted contents note Sumario: I. Introducción.— II. Los hechos del caso.— III. Los tipos penales en juego: exacciones ilegales, concusión y extorsión en la conducta del funcionario público.— IV. Diferentes posturas doctrinarias.— V. Solución del caso concreto dada por el Tribunal y confirmada por la Casación.— VI. Reflexiones finales.
505 ## - FORMATTED CONTENTS NOTE
Title Fallo comentado: CNCasCrim. y Correc., sala III ~ 17/12/2024 ~ Alvarado Ruiz, Simón Jesús y otros c. Morano, Diego y otros s/ averiguación de delito y asociación ilícita.
505 ## - FORMATTED CONTENTS NOTE
Title ¿Te interesa el texto completo? Solicitalo al correo: koha@justierradelfuego.gov.ar
650 #0 - SUBJECT ADDED ENTRY--TOPICAL TERM
9 (RLIN) 343
Topical term or geographic name as entry element DERECHO PENAL
650 #0 - SUBJECT ADDED ENTRY--TOPICAL TERM
9 (RLIN) 6493
Topical term or geographic name as entry element CORRUPCIÓN DE UN FUNCIONARIO PÚBLICO
650 #0 - SUBJECT ADDED ENTRY--TOPICAL TERM
9 (RLIN) 3034
Topical term or geographic name as entry element EXTORSIÓN
650 #0 - SUBJECT ADDED ENTRY--TOPICAL TERM
9 (RLIN) 5941
Topical term or geographic name as entry element EXACCIONES ILEGALES
773 0# - HOST ITEM ENTRY
Host Biblionumber 2729
Host Itemnumber 3180
Place, publisher, and date of publication Buenos Aires : LexisNexis, 2006-
Title Revista de derecho penal y procesal penal. Nº 8 - Agosto 2025
International Standard Book Number 9875920622
942 ## - ADDED ENTRY ELEMENTS (KOHA)
Source of classification or shelving scheme
Koha item type Analítica Artículo de Revista

No hay ítems disponibles.

12 de Octubre 789 Ushuaia - Tel:  54(02901)441571
Horario de Atención: 8.00 a 17.00 hs. 
bibliotecaush@justierradelfuego.gov.ar
koha@justierradelfuego.gov.ar
Seguinos en nuestras redes @bibliojustdf 

Con tecnología Koha